[Event "ISR-ch op"]
[Site "Ramat Aviv"]
[Date "1999.03.30"]
[Round "3"]
[White "Avrukh, Boris"]
[Black "Finkel, Alexander"]
[Result "1/2-1/2"]
[WhiteElo "2610"]
[BlackElo "2455"]
[Annotator "Finkel,A"]
[PlyCount "45"]
[EventDate "1999.03.28"]
[EventType "swiss"]
[EventRounds "9"]
[EventCountry "ISR"]
[SourceTitle "CBM 070"]
[Source "ChessBase"]
[SourceDate "1999.06.08"]
[SourceVersion "1"]
[SourceVersionDate "1999.06.08"]
[SourceQuality "1"]

1. d4 Nf6 2. c4 e6 3. Nc3 Bb4 4. e3 {In our previous games Boris opted for 4.
Nf3,but now for some reason he decides to deviate from variation which braught
him two wins one of which was a result of good opening preeparation!} O-O 5.
Nge2 d5 6. a3 Be7 7. Nf4 dxc4 8. Bxc4 c5 9. O-O ({Nothing promises} 9. dxc5 $5
Qxd1+ 10. Kxd1 Bxc5 11. b4 (11. Ke2 b6 12. Nd3 Ba6 13. Bxa6 Nxa6 14. b4 Be7 15.
Bb2 Rfd8 16. Rhd1 $14 {Byrne,S-Norris,D/AUS-ch 1995 (27)}) 11... Be7 12. Bb2 a6
13. Ke2 b5 14. Bb3 Nbd7 15. Rac1 {with equal position;1/2-1/2 Garcia,
R-Rubinetti,J/Buenos Aires CA 1972}) 9... cxd4 (9... a6 $5 10. dxc5 Bxc5 11. b4
(11. Qe2 Nc6 12. Rd1 Qe7 13. b4 Bd6 14. Bb2 b5 $11 {1/2-1/2 Maiwald,J-Nielsen,
P/Budapest FS02 GM 1993}) 11... Be7 12. Bb2 Qxd1 13. Rfxd1 b5 14. Bb3 Bb7 15.
f3 Nc6 16. Kf2 Rfd8 17. Rac1 $11 {1/2-1/2 Zueger,B-Liao,Y/Thessaloniki olm 1988
}) (9... Nbd7 10. dxc5 Bxc5 11. Qe2 a6 12. Rd1 Qe7 13. Bd2 b5 14. Ba2 Bb7 15.
Rac1 Rac8 $132 {Pavlovic,S-Todorovic,G/Nis op 1993}) (9... Nc6 $5 10. d5 Ne5
11. Ba2 exd5 12. Nfxd5 Nxd5 13. Bxd5 Qb6 14. f4 Ng4 15. Qf3 $14 {Sustek,V-Rigo,
Z/SVK-ch 1996/0-1 (60)}) 10. exd4 Nbd7 $5 ({Another possibility is} 10... Nc6
11. d5 Ne5 12. Ba2 exd5 13. Nfxd5 Nxd5 14. Bxd5 Bg4 15. Qb3 $14 {and despite
of seeming simplicity white has very annoying pressure;Hoffman,A-Quiroga,F/
Clarin op 1995 (28)}) 11. Be3 {Accepting the fact that black won an opening
battle.The only chanse to fight for the advantage was} (11. Qf3 $5 Nb6 12. Bd3
Qxd4 13. Be3 (13. Rd1 Qe5 14. Be3 Nbd5 15. Ncxd5 exd5) 13... Qd8 14. Rfd1 Nbd7
(14... Nbd5 $6 15. Bc4 $1 $16) 15. Qh3 $44 {[%csl Ra8,Rc8][%cal Ga1c1,Gc3b5]
with compensation for the pawn.}) 11... Nb6 12. Bd3 $6 {Dubious decision
permitting black to sieze the initiative.Better was} (12. Bb3 $5 Bd7 13. d5
Nbxd5 14. Ncxd5 exd5 15. Nxd5 Nxd5 16. Bxd5 Bc6 17. Bxc6 bxc6 18. Rc1 $14 {
and white has the symbolic advantage,but draw seems to be the most likely
result.}) 12... Bd7 13. Qf3 Bc6 14. Qg3 (14. Qh3) 14... g6 $1 $15 {[%csl Rf4]
Usually in this kind of position white knight is placed on e5 and white's
initiative on the kingside is quiet dangerou,but with the knight on f4 black
has nothing to worry about.} 15. Rfe1 Rc8 16. Rad1 (16. Rac1 $5) 16... Na4 $1
17. Nxa4 Bxa4 18. Rd2 (18. Rc1 Rxc1 19. Rxc1 Bc6 20. Bc4 $1 (20. d5 Nxd5 21.
Nxd5 Qxd5 22. Bxa7 Bf6 $15) 20... Qa5 $1 (20... Bd5 21. Nxd5 Nxd5 22. Qf3) 21.
Nd3 Bd5 $15) 18... Bc6 19. Bb1 Qd7 $2 {Bad move permitting white to equalize.
Nothing promised} (19... Be4 $6 20. Ba2 Bd5 21. Nxd5 Nxd5 22. Qf3 $11 {and
position is equal,but after logical 19...Qa5! black keeps small,but longlating
edge.}) 20. d5 $1 $13 Nxd5 $8 21. Bxa7 ({White could force a draw after} 21.
Bxg6 fxg6 22. Nxg6 hxg6 23. Qxg6+ Kh8 24. Qh6+ (24. Bd4+ Bf6 25. Re4 Qh7) 24...
Kg8 25. Qg6+ $11 (25. Rd4 $2 Bf6 26. Rg4+ Bg7 $19)) 21... Qc7 (21... Bd6 $5 22.
Nxd5 Bxd5 (22... Bxg3 $4 23. Nf6+ $18) 23. Qh4 $5 (23. Qh3 Rfd8 24. Bd4 (24.
Bb6 $2 Bxg2 $1 25. Qxg2 Bxh2+ 26. Qxh2 Qxd2 $17) 24... Bf4 25. Rdd1 Qe7 26. Qg4
Qg5 27. Qxg5 Bxg5 $15) 23... Rfd8 (23... Rc4 24. Rd4 Rfc8 25. Rxc4 Rxc4 26. Qf6
Be7 27. Qe5) 24. Bd4 $132) 22. Nxd5 Bxd5 23. Bd4 $1 1/2-1/2

[Event "HUN-ch"]
[Site "Budapest"]
[Date "1995.??.??"]
[Round "3"]
[White "Gyimesi, Zoltan"]
[Black "Petran, Pal"]
[Result "0-1"]
[WhiteElo "2500"]
[BlackElo "2470"]
[Annotator "Ftacnik,L"]
[PlyCount "78"]
[EventDate "1995.01.??"]
[EventType "tourn"]
[EventRounds "11"]
[EventCountry "HUN"]
[EventCategory "10"]
[SourceTitle "CBM 046"]
[Source "ChessBase"]
[SourceDate "1995.06.01"]
[SourceVersion "1"]
[SourceVersionDate "1995.06.01"]
[SourceQuality "1"]

1. d4 Nf6 2. c4 e6 3. Nc3 Bb4 4. e3 c5 5. Nge2 b6 6. a3 Ba5 7. Rb1 Na6 8. Bd2
O-O 9. d5 d6 10. g3 (10. Ng3 exd5 (10... Bxc3 11. Bxc3 exd5 12. cxd5 Nc7 13.
Bxf6 (13. e4 Re8 14. Bxf6 Qxf6 15. Be2 Bd7 16. O-O Bb5 17. Bxb5 Nxb5 18. Qd3
Nd4 19. Rbe1 Rac8 20. f4 Qg6 21. Re3 f6 22. Ne2 {Lautier,J-Romanishin,O/
Polanica Zdroj 52/(572)/1991/0.5 (22)}) 13... Qxf6 14. Be2 Qe5 15. e4 f5 16.
exf5 Bxf5 17. Nxf5 Rxf5 18. O-O Raf8 19. Bg4 Rf4 20. Re1 Qg5 21. f3 Kh8 22. Be6
Rxf3 23. Qe2 R3f4 24. g3 {Brancaleoni,M-Valenti,G/Forli op (06)/1992/0-1 (37)})
11. Nxd5 Nxd5 12. cxd5 Bxd2+ 13. Qxd2 Nc7 14. Be2 Bd7 15. O-O Qg5 16. Rbd1 f5
17. f4 Qe7 18. Bf3 Rae8 19. e4 fxe4 20. Bxe4 Nb5 21. Qd3 Qh4 22. Bf5 Bxf5 23.
Nxf5 Qg4 24. Ne3 {Jelen,Iz-Grosar,A/Maribor Pirc (04)/1994/0-1 (46)}) (10. e4
exd5 11. cxd5 Bxc3 12. Nxc3 Nxe4 13. Nxe4 Re8 14. Bd3 f5 15. Qa4 b5 16. Qxb5
fxe4 17. Bc4 Nc7 18. Qb3 Bf5 19. Qe3 a5 20. O-O a4 21. Bc3 {Chevallier,
D-Spassky,B/FRA-chT/1991/0.5 (21)}) (10. Nf4 Bxc3 11. Bxc3 e5 12. Ne2 Ne4 13.
f3 Nxc3 14. Nxc3 Nc7 15. Qd2 f5 16. f4 Bd7 17. Be2 exf4 18. exf4 Qh4+ 19. g3
Qh3 20. Kf2 Ne8 21. Bf1 Qh6 22. Kg2 Nf6 23. Bd3 Rae8 24. Rhe1 {Kasparov,
G-Romanishin,O/URS-ch47 Minsk/1979/0.5 (45)}) 10... exd5 11. cxd5 Bxc3 12. Nxc3
Nc7 13. Bc1 $5 (13. Bg2 Ba6 $1) 13... Re8 14. Bg2 Ba6 $1 15. f3 (15. f4 $5 {
/\ Kf2}) 15... Bc4 $1 16. f4 Qd7 17. b3 Ba6 18. h3 Nb5 19. Nxb5 Bxb5 (19...
Qxb5 20. Bf1 Qa5+ 21. b4 (21. Bd2 Rxe3+ 22. Kf2 Ne4+ 23. Kxe3 Nxd2 24. Bxa6
Nxb1 $19) 21... cxb4 22. axb4 Qa2 23. Rb2 Qa1 $17) 20. Qc2 Re7 21. Kf2 Rae8 22.
g4 Ba6 23. Re1 {/\ e4} Ne4+ 24. Kg1 (24. Bxe4 Rxe4 25. Bb2 Qe7 $17) 24... h5
25. Bf3 Bb7 26. Qd3 Nf6 27. Bb2 (27. f5 Ne4 28. Bb2 b5 $17) 27... hxg4 $1 28.
Bxf6 (28. hxg4 Nxg4 $17) 28... gxf3 29. Bxe7 Qxh3 30. Rb2 (30. Qf1 Qg3+ 31. Kh1
f2 $1 32. Red1 (32. Re2 Bxd5+ $19) 32... Rxe7 $19) 30... Qg3+ 31. Kf1 Rxe7 32.
Rf2 (32. Qd2 Ba6+ $19) 32... Bc8 33. f5 Qh3+ 34. Kg1 Bxf5 35. Qf1 Qg3+ 36. Kh1
Bh3 37. Rxf3 Bg2+ $1 38. Qxg2 (38. Kg1 Bxf3+) 38... Qxe1+ 39. Kh2 Rxe3 0-1

[Event "FIDE World Cup-A"]
[Site "Shenyang"]
[Date "2000.08.03"]
[Round "3"]
[White "Aleksandrov, Aleksej"]
[Black "Milos, Gilberto"]
[Result "0-1"]
[WhiteElo "2591"]
[BlackElo "2633"]
[Annotator "Ftacnik,L"]
[PlyCount "81"]
[EventDate "2000.09.01"]
[EventType "tourn"]
[EventRounds "5"]
[EventCountry "CHN"]
[EventCategory "17"]
[SourceTitle "CBM 079"]
[Source "ChessBase"]
[SourceDate "2000.11.21"]
[SourceVersion "1"]
[SourceVersionDate "2000.11.21"]
[SourceQuality "1"]

1. d4 Nf6 2. c4 e6 3. Nc3 Bb4 4. e3 b6 5. Nge2 c5 6. a3 Ba5 7. Rb1 Na6 8. f3
O-O 9. d5 exd5 10. cxd5 b5 11. Kf2 (11. e4 b4 (11... Re8 12. Ng3 b4 13. axb4
cxb4 14. Nb5 b3+ 15. Kf2 Bb6+ 16. Be3 Bxe3+ 17. Kxe3 Nb4 18. Bc4 Qb6+ 19. Ke2
Ba6 20. Qxb3 Nfxd5 {0-1 Oms Pallise,J-Del Rio Angelis,S/Santa Clara/1999/ (20)}
) 12. axb4 cxb4 13. Nb5 Qb6 14. Nbd4 b3+ 15. Kf2 Nc5 16. Ng3 Bb7 17. Be3 Bxd5
18. Rc1 Bxe4 19. Rxc5 Qxc5 20. Nxb3 Qc7 21. Nxa5 {1-0 Aleksandrov,A-Sambuev,B/
St. Petersburg/1998/ (37)}) 11... b4 12. Nb5 d6 {The position has got a
distinct features of Ben Oni structure with black dark squared bishop on
unusual square a5.} (12... Bb7 13. e4 Qb6 14. Nf4 $13) 13. axb4 (13. e4 $5)
13... Nxb4 (13... cxb4 14. e4 Bb6+ 15. Ned4 Ne8 16. g4 $14) 14. Nec3 $6 (14. e4
) 14... Bb6 15. Bc4 (15. e4 Ne8 16. g4 a6 17. Na3 Nf6 18. Nc4 Bc7 $13) 15...
Nd7 $5 16. Ne4 (16. Nxd6 Ne5 17. Nxc8 Rxc8 18. Be2 (18. b3 Nxc4 19. bxc4 Qh4+
20. g3 Qxc4 $17) 18... c4 19. Kf1 Ned3 20. Bxd3 Nxd3 21. Qe2 f5 $36) (16. Na3
Ne5 17. b3 Qh4+ 18. g3 Qf6 $40) 16... Ne5 17. b3 (17. Be2 c4 (17... Bb7 18. f4
Ng6 19. Bc4 Qe7 20. Nexd6 a6 21. Nf5 Qe4 22. Nfd6 Qxb1 23. Nc3 Qa1 24. Nxb7 $13
) 18. b3 Nbd3+ 19. Kf1 Nxc1 20. Qxc1 cxb3 21. Rxb3 Ba6 $13) 17... f5 (17... Bc7
18. Nxc7 Qxc7 19. Bb2 Qe7 $15) (17... a6 $5 18. Nbc3 (18. Nbxd6 $2 f5 19. Nxc8
fxe4 20. Nxb6 exf3 21. Nxa8 fxg2+ 22. Kg1 Qh4 $19) 18... f5 $17) 18. Nexd6 (18.
Ng3 a6 19. Nc3 Qh4 $17) 18... a6 $1 19. Nxc8 axb5 20. Nxb6 (20. Ne7+ $2 Kh8 (
20... Qxe7 $2 21. d6+ $18) 21. Bxb5 Qxe7 $19) 20... Qxb6 21. Be2 Rfd8 {[%mdl
2048] The early middlegame went rather badly for white, despite two bishops
and extra pawn he is in critical position. Black pieces are very active and
white king is far from safe.} 22. f4 (22. Qf1 Rxd5 23. Bxb5 Ra2+ 24. Kg1 Qd6 $1
$19 (24... Nxf3+ 25. Qxf3 Qxb5 $19)) (22. Bb2 $5 Rxd5 23. Bxe5 Rxd1 24. Rhxd1
$17) (22. e4 fxe4 23. fxe4 c4+ 24. Be3 Rf8+ 25. Bf3 Ra2+ $19) 22... Rxd5 23.
fxe5 (23. Qf1 Ned3+ 24. Kg1 Ra2 25. Qf3 Qe6 $19) (23. Bd2 Ra2 $19) 23... Rxd1
24. Rxd1 Qe6 (24... Rb8 25. Rd6 Qa7 26. Bd2 Qe7 27. Bxb4 cxb4 28. Rbd1 Qxe5 29.
R6d5 Qxh2 $17) 25. Bxb5 Ra2+ (25... Qxe5 26. Bb2 Qe4 (26... Ra2 $2 27. Rd2 Qb8
28. Bc4+ Kf8 29. Rbd1 $13) 27. Rbc1 f4 28. exf4 Ra2 29. Bc4+ Kf8 30. Rb1 Qc2+
$19) 26. Bb2 $2 (26. Rb2 Qxb3 27. Rd8+ Kf7 28. Rd7+ Ke6 29. Rdd2 Rxb2 30. Bxb2
Nd5 $19) (26. Kg1 Qxe5 $19) (26. Rd2 $1 Rxd2+ 27. Bxd2 Qxe5 28. Bxb4 cxb4 29.
Bc4+ Kf8 $17) 26... Qxb3 $1 {Milos plays a brave move and calculates properly,
that black king can survive on the g5 square.} (26... Qxe5 27. Rd2 Qb8 28. Bc4+
Kf8 29. Rbd1 $13) 27. Rd8+ Kf7 28. Rd7+ Ke6 (28... Kg6 $1) 29. Rd6+ Ke7 30.
Rd7+ Kf8 31. Rd8+ Kf7 32. Rd7+ Kg6 $1 33. Rd6+ (33. Rd2 c4 34. Be8+ Kh6 $19)
33... Kg5 34. h4+ (34. Be2 g6 $1 (34... Rxb2 $2 35. h4+ $1 Kxh4 36. Rh1+ Kg5
37. Rh5#) 35. e6 Rxb2 36. e7 Rxe2+ 37. Kxe2 Qc2+ 38. Kf3 Qe4+ 39. Kf2 Qxe7 $19)
34... Kxh4 35. Be2 Kg5 (35... c4 $4 36. Rh1+ Kg5 37. Rh5#) 36. Rd2 (36. Rh1 g6
37. Bc1 Nd3+ 38. Rxd3 Qxd3 39. e4+ f4 $19) 36... Nd5 (36... Nc2 37. Rd3 Qb4 $19
) 37. Rbd1 (37. Rd3 Qc2 38. Rxd5 Qxb1 39. Bc3 Rc2 40. Ba5 Qa2 $19) 37... Qxe3+
38. Kf1 Qf4+ 39. Kg1 Qe3+ 40. Kh1 Ra4 41. Bc1 0-1

[Event "Interpolis-02"]
[Site "Tilburg"]
[Date "1978.09.01"]
[Round "1"]
[White "Timman, Jan H"]
[Black "Portisch, Lajos"]
[Result "1/2-1/2"]
[WhiteElo "2585"]
[BlackElo "2630"]
[Annotator "Ftacnik,L"]
[PlyCount "39"]
[EventDate "1978.09.01"]
[EventType "tourn"]
[EventRounds "11"]
[EventCountry "NED"]
[EventCategory "14"]
[SourceTitle "MCL"]
[Source "ChessBase"]
[SourceDate "1999.07.01"]
[SourceVersion "1"]
[SourceVersionDate "1999.07.01"]
[SourceQuality "1"]

1. c4 Nf6 2. d4 e6 3. Nc3 Bb4 4. e3 c5 5. Nge2 cxd4 (5... d5 6. a3 Bxc3+ 7.
Nxc3 cxd4 8. exd4 dxc4 9. Bxc4 $14 {Korchnoi-Karpov, m (5) Baguio 1978}) 6.
exd4 O-O (6... d5 7. c5 Ne4 8. Bd2 Nxd2 9. Qxd2 a5 $5 10. a3 Bxc3 11. Nxc3 $14
{Korchnoi-Karpov, m (3) Baguio 1978}) 7. a3 Be7 (7... Bxc3+ 8. Nxc3 $14) 8. Nf4
$6 (8. d5 $1 exd5 9. cxd5 Re8 10. g3 Bc5 11. Na4 Bf8 12. Bg2 $14 {
Polugaevski-Cholmov, URS-ch 1961}) (8. g3 $5) 8... d5 9. cxd5 (9. c5 Nc6 {/\e5=
}) (9. Be3 Nc6 10. cxd5 Nxd5 11. Ncxd5 exd5 $10 {Ree-Olafsson, Wijk aan Zee
1976}) 9... Nxd5 10. Ncxd5 exd5 11. Be2 Nc6 12. O-O Bg5 $1 $10 (12... Bf6 13.
Be3 {/\Bf3+/=}) 13. Bf3 Bxf4 14. Bxf4 Qf6 15. Be3 Rd8 16. Qb3 (16. Qd2 h6 {
/\Bf5,e4}) 16... Be6 17. Qxb7 Nxd4 18. Bxd4 Qxd4 19. Rfd1 Qe5 20. Re1 1/2-1/2

[Event "Moscow Alekhine op"]
[Site "Moscow"]
[Date "1992.??.??"]
[Round "?"]
[White "Graf, Alexander"]
[Black "Psakhis, Lev"]
[Result "0-1"]
[WhiteElo "2510"]
[BlackElo "2570"]
[Annotator "Ftacnik,L"]
[PlyCount "126"]
[EventDate "1992.10.??"]
[EventType "swiss"]
[EventRounds "9"]
[EventCountry "RUS"]
[SourceTitle "CBM 033"]
[Source "ChessBase"]
[SourceDate "1993.04.01"]
[SourceVersion "1"]
[SourceVersionDate "1993.04.01"]
[SourceQuality "1"]

1. d4 e6 2. c4 Nf6 3. Nc3 Bb4 4. e3 c5 5. Nge2 b6 6. a3 Ba5 7. Rb1 Na6 8. Ng3 (
8. Bd2 O-O (8... Qe7 9. Nf4 (9. Ng3 Bb7 10. d5 O-O 11. Be2 exd5 12. cxd5 Nc7
13. b4 cxb4 14. axb4 Bxb4 15. Rxb4 Qxb4 16. Nce4 Qa3 17. Nxf6+ gxf6 18. e4 Kh8
19. O-O Rg8 20. Be3 Ne8 21. Bh5 Qe7 22. Qf3 Rg5 23. Bd4 Re5 24. Bg4 $40 {
Vajser-Rashkovsky/Sverdlovsk 1L/1984/}) 9... Bb7 10. Be2 Bxc3 11. Bxc3 Ne4 12.
Rc1 Nxc3 13. Rxc3 O-O 14. O-O Nc7 15. Bf3 Bxf3 16. Qxf3 Rab8 17. Rd1 d6 18.
Rcd3 Rfd8 19. R1d2 Ne8 20. Qd1 Qb7 21. Ne2 Qa6 22. Qc2 Rdc8 23. Rc3 Rc7 24. d5
$10 {Reinemer,F-Galliamova,A/Dortmund op-A/1992/}) 9. Nf4 (9. Ng3 d5 10. dxc5
bxc5 11. Bd3 d4 12. Nce4 dxe3 13. Nxf6+ Qxf6 14. fxe3 Bxd2+ 15. Qxd2 Rd8 16.
Rf1 Qh4 17. Rf4 Qe7 18. Rd1 e5 19. Rf2 Bg4 20. Rc1 Qh4 21. Qc3 Qxh2 22. Nf1 Qh6
23. Be4 Rab8 24. Qxe5 $15 {Nenashev,A-Nasybullin,V/URS-chT Azov/1991/}) 9...
Bxc3 10. Bxc3 Ne4 11. Rc1 Bb7 12. Be2 Qg5 13. Bf3 Nxc3 14. Rxc3 Bxf3 15. Qxf3 {
0,5/Timoschenko-Psakhis/Sverdlovsk/1987/}) 8... Bb7 9. Bd2 O-O 10. Bd3 (10. d5
Bxc3 11. Bxc3 exd5 12. cxd5 Nxd5 13. Bxg7 Kxg7 14. Nf5+ Kh8 15. Nd6 Bc6 16.
Bxa6 Qe7 17. Nf5 Qe5 18. Bd3 Nf4 19. Bc2 Bxg2 20. Rg1 Be4 21. Rg5 f6 22. Rg4
Bxf5 23. Bxf5 Ng2+ 24. Rxg2 $17 {Magerramov-Psakhis/Klaipeda/1988/}) (10. f3
cxd4 11. exd4 Bxc3 12. bxc3 d6 13. Bd3 Nb8 14. O-O Nbd7 15. f4 Qc7 16. f5 e5
17. Nh5 Rac8 18. d5 Rfe8 19. Be3 Qd8 20. Bg5 Kh8 21. Qe1 Qc7 22. Nxf6 gxf6 23.
Be3 Rg8 24. Qh4 $40 {Rechlis,G-Psakhis,L/Tel Aviv (06)/1992/}) 10... cxd4 11.
exd4 Bxc3 (11... Bxg2 12. Rg1 Bb7 13. Nh5 Nxh5 (13... g6 14. Bg5 $18) 14. Bxh7+
Kxh7 15. Qxh5+ Kg8 16. Rxg7+ Kxg7 17. Bh6+ Kh7 18. Bg5+ Kg8 19. Bxd8 Bxc3+ 20.
Ke2 Rfxd8 21. Qh6 Be4 22. Rg1+ Bg6 23. bxc3 $16) 12. bxc3 d5 13. cxd5 Qxd5 14.
Qe2 (14. f3 e5 15. Qe2 $140 exd4 16. Bxa6 Rfe8) 14... Nb8 (14... Qa5 15. O-O
$14) 15. f3 Qa2 $5 16. Ne4 (16. Bc1 Qxe2+ 17. Kxe2 Rc8 $132) 16... Nxe4 17.
fxe4 (17. Bxe4 Bxe4 18. Qxe4 Nd7 19. O-O Qxa3) 17... Ba6 18. O-O (18. Bxa6
Qxb1+ 19. Kf2 Qxh1 20. Bb7 Nd7 21. Bxa8 Rxa8 $19) 18... Bxd3 19. Qxd3 Qxa3 20.
Qg3 f6 21. Bf4 (21. Bh6 Qe7) 21... e5 $1 (21... Nd7 22. Bd6) 22. dxe5 Qc5+ 23.
Kh1 (23. Be3 Qxe5 24. Qxe5 fxe5 25. Rxf8+ Kxf8 26. Rd1 Nc6 27. Rd7 Rd8 28. Rc7
Rd6 $15) 23... Nc6 24. e6 $6 (24. exf6 Rxf6 25. Rbd1 Qc4 $13) (24. Bh6 Qe7 25.
exf6 Rxf6 26. Rxf6 Qxf6 $13) 24... Ne5 25. h3 Rfe8 26. Bxe5 Qxe5 27. Qxe5 fxe5
28. c4 (28. Rf7 Rxe6 29. Rb7 Rc6 30. Rd1 Rxc3 31. Rdd7 Rg3 32. Rxa7 Rxa7 33.
Rxa7 Re3 $17) 28... Rxe6 29. c5 bxc5 30. Rb7 Rf6 31. Rc1 (31. Rd1 Rf7 $17)
31... Rf7 32. Rb5 Rc7 33. Ra5 (33. Rcxc5 Rxc5 34. Rxc5 a5 35. Rxe5 a4 36. Rc5
a3 37. Rc1 a2 38. Ra1 Kf7 39. Kg1 Ke6 40. Kf2 Ke5 41. Ke3 Ra3+ 42. Kd2 Kxe4 $19
) 33... c4 34. Rc3 Rb8 35. Ra4 Rd8 36. Raxc4 Rxc4 37. Rxc4 a5 38. Ra4 (38. Rc5
Ra8) 38... Ra8 39. Kg1 Kf7 40. Kf2 Ke6 41. Ke3 Kd6 42. Kd3 Kc5 43. Rc4+ Kb6 44.
Rc3 Rd8+ 45. Kc2 Rd4 46. Rc8 Rxe4 47. Kd3 Ra4 48. Re8 e4+ 49. Kc3 Kc5 50. Re5+
Kd6 51. Rg5 g6 52. h4 e3 53. Kd3 Rxh4 54. Rxa5 Rg4 55. Ra2 Rg3 56. Ke4 h5 57.
Kf4 h4 58. Ke4 Ke6 59. Rb2 (59. Ra6+ Kf7 60. Ra2 Kf6 $19) 59... Kf6 60. Kf4 g5+
61. Ke4 Kg6 62. Ra2 Kh5 63. Kf5 Rg4 0-1

[Event "Interpolis"]
[Site "Tilburg"]
[Date "1992.10.17"]
[Round "4.1"]
[White "Ivanchuk, Vassily"]
[Black "Seirawan, Yasser"]
[Result "1/2-1/2"]
[WhiteElo "2720"]
[BlackElo "2605"]
[Annotator "Ftacnik,L"]
[PlyCount "123"]
[EventDate "1992.10.08"]
[EventType "k.o."]
[EventRounds "7"]
[EventCountry "NED"]
[SourceTitle "CBM 032"]
[Source "ChessBase"]
[SourceDate "1993.02.01"]
[SourceVersion "1"]
[SourceVersionDate "1993.02.01"]
[SourceQuality "1"]

1. d4 Nf6 2. c4 e6 3. Nc3 Bb4 4. e3 c5 5. Nge2 cxd4 6. exd4 d5 7. c5 Ne4 8. Bd2
Nxd2 9. Qxd2 a5 10. a3 Bxc3 11. Nxc3 Bd7 12. Bd3 a4 13. O-O Nc6 (13... O-O 14.
f4 g6 15. Kh1 (15. Bc2 Bc6 16. Rae1 Nd7 17. Qd1 Qa5 18. Re3 Rfe8 19. Rfe1 Nf6
20. g4 b6 21. f5 exf5 22. Rxe8+ Nxe8 23. Bxa4 b5 24. Bb3 Nf6 25. gxf5 b4 26.
axb4 $10 {Vaiser,A-Damlianovic,B/Sochi/1988/}) 15... Nc6 16. Bc2 Ne7 17. Rae1
b6 18. Rf3 Re8 19. Rfe3 Bc6 20. cxb6 Qxb6 21. g4 Qc7 22. f5 exf5 23. gxf5 Qd6
24. Rh3 Nxf5 25. Bxf5 gxf5 26. Rg1+ $36 {Kortschnoj,V-Karpov,An (3)/Baguio
City-Wch/1978/}) 14. Rae1 $146 (14. Bc2 Ne7 15. Rfe1 b6 16. Qd1 bxc5 17. dxc5
Qa5 18. Nxd5 exd5 19. Qxd5 Be6 20. Qg5 Ng6 21. Re4 O-O 22. Rxa4 Qb5 23. Rxa8
Rxa8 24. Bxg6 hxg6 25. Rd1 f6 26. Qe3 $16 {Rechlis,G-Portisch,L/Manila izt/
1990/}) 14... Nxd4 15. Nxd5 Bc6 16. Nb6 Ra5 $1 17. Rd1 (17. Qxa5 Nf3+ 18. Kh1 (
18. gxf3 Qg5+ 19. Kh1 Bxf3#) 18... Qh4 (18... Nxe1 19. Bb5 $1) 19. h3 Qf4 $19)
17... Rxc5 18. Be4 $5 Qxb6 (18... Bxe4 19. Qxd4 Qxd4 (19... Qxb6 20. Qd7+ Kf8
21. Qd8+ Qxd8 22. Rxd8+ Ke7 23. Rxh8 Rc2 24. f3 Bd5 $14) 20. Rxd4 Bc6 21. Rfd1
Ke7 22. Nxa4 $10) 19. Qxd4 O-O 20. Rc1 Rb5 21. Qxa4 Bxe4 (21... Ra5 22. Qc4
Bxe4 23. Qxe4 Qxb2 24. Rb1 Qxa3 25. Rxb7 $15) 22. Qxe4 Rxb2 23. Rb1 $1 Rc8 24.
g3 g6 25. a4 (25. Rxb2 Qxb2 26. Rb1 Rc1+ 27. Rxc1 Qxc1+ 28. Kg2 $17) 25... Qb3
26. Rxb2 Qxb2 27. Qb1 $1 Rc2 28. Qxb2 Rxb2 29. a5 g5 30. Ra1 Kg7 31. a6 bxa6
32. Rxa6 $15 g4 33. Ra4 h5 34. h3 $1 gxh3 35. Rh4 Rb1+ 36. Kh2 Rf1 37. Rf4 e5
38. Rf3 Kg6 39. Kxh3 e4 40. Re3 (40. Rf4 f5 41. Kg2 Rb1 $17) 40... f5 41. Kg2
Rd1 42. Ra3 h4 43. gxh4 Kh5 44. Ra5 Kg4 45. h5 Rd6 46. f3+ $1 exf3+ 47. Kf2
Rd2+ 48. Ke1 Rh2 49. Ra8 Rxh5 50. Kf2 Rh2+ 51. Kf1 Kf4 52. Rb8 Rd2 53. Ra8 Rb2
54. Rc8 f2 55. Rc3 Ke4 56. Ra3 Rd2 57. Rb3 Rd3 58. Rxd3 Kxd3 59. Kxf2 Ke4 60.
Ke2 f4 61. Kf2 f3 62. Kf1 1/2-1/2

[Event "Aruba"]
[Site "Aruba"]
[Date "1992.??.??"]
[Round "4"]
[White "Granda Zuniga, Julio E"]
[Black "Psakhis, Lev"]
[Result "0-1"]
[WhiteElo "2615"]
[BlackElo "2605"]
[Annotator "Ftacnik,L"]
[PlyCount "46"]
[EventDate "1992.03.??"]
[EventType "tourn"]
[EventRounds "9"]
[EventCountry "NAU"]
[EventCategory "11"]
[SourceTitle "CBM 030"]
[Source "ChessBase"]
[SourceDate "1992.10.01"]
[SourceVersion "1"]
[SourceVersionDate "1992.10.01"]
[SourceQuality "1"]

1. d4 e6 2. c4 Bb4+ 3. Nc3 Nf6 4. e3 b6 5. Nge2 c5 6. a3 Ba5 7. Bd2 O-O 8. d5
d6 (8... exd5 9. cxd5 Ba6 10. g3 Re8 11. Bg2 Bxc3 12. Bxc3 Ne4 13. O-O Nxc3 14.
bxc3 d6 15. Re1 Nd7 $132 {Zueger,B-Welin,T/Lugano op/1989/}) 9. Ng3 exd5 10.
cxd5 (10. Nxd5 Bxd2+ 11. Qxd2 Bb7 $10) 10... Bb7 11. e4 Re8 12. Bb5 (12. f3
Bxc3 13. Bxc3 Nxd5 $17) 12... Nbd7 13. O-O Bxc3 14. Bxc3 Nxe4 15. Bxg7 (15. Qg4
Ndf6 16. Qh4 Nxc3 17. Bxe8 Ncxd5 18. Bb5 Ne7 $132) 15... Kxg7 (15... Nxg3 16.
fxg3 Kxg7 17. Qg4+ Kf8 18. Bxd7 Re7 19. Be6 $16) 16. Qg4+ Kh8 17. Qxd7 (17.
Nxe4 Bxd5 $1 18. Qxd7 (18. Nxd6 Rg8 19. Qxd7 Rxg2+ 20. Kh1 Rg1+ $1 21. Kxg1
Qg5+) 18... Rxe4 19. Rad1 Be6 $17) 17... Qxd7 18. Bxd7 Nxg3 19. fxg3 Re7 20.
Bg4 (20. Bc6 Bxc6 21. dxc6 Rc8 $17) 20... Bxd5 21. Rad1 (21. Rfd1 Be6 $17)
21... Bc4 22. Rf4 d5 23. Bf3 Rae8 $1 {Ftacnik,L} (23... Rae8 $1 24. Bxd5 Re1+
25. Rxe1 Rxe1+ 26. Kf2 Rf1+ 27. Ke3 Rxf4 28. gxf4 Bxd5 $19) 0-1